000 00333nam a2200145Ia 4500
008 191201s2012 xx 000 0 und d
082 _a659
_bJEC
100 _aJETHWANEY, Jaishri
245 0 _aCorporate Communication
250 _aIMP 2nd
260 _aN. Delhi
_bOxford
_c2012
300 _a432
650 _aMBA
942 _2ddc
_cBK
999 _c5458
_d5458